Taylor Swift Songs without Vowels #1 - Statistics

General Stats
  • This quiz has been taken 270 times
  • The average score is 7 of 10
Answer Stats
Hint Answer % Correct
FRLSS Fearless
100%
MDNGHTRN Midnight Rain
97%
KNWPLCS I Know Places
94%
NWRMNTCS New Romantics
92%
PLCNTHSWRLD A Place in this World
84%
NCHNTD Enchanted
72%
LLTWLL All Too Well
66%
LLHDTDWSST All You Had to do was Stay
57%
BTT betty
50%
RNRWNKD You're on Your Own Kid
22%
No matching quizzes found
Score Distribution
Percent of People with Each Score
Percentile by Number Answered
Your Score History
You have not taken this quiz